| 000 | 00403pam a2200157a 44500 | ||
|---|---|---|---|
| 008 | 230515b1999 xxu||||| |||| 00| 0 eng d | ||
| 020 | _aNULL | ||
| 041 | _aMARATHI | ||
| 082 | _a1 | ||
| 100 | _aJOSHI | ||
| 245 | _aLAHAN CHIKITSA SIKSHAK ARTHART FARSTING ENSTRACTAR | ||
| 250 | _a1 | ||
| 260 |
_aSANGALI _bN.D. _c1999 |
||
| 300 | _a100 | ||
| 650 | _aLAHAN CHIKITSA SIKSHAK ARTHART FARSTING ENSTRACTAR | ||
| 999 |
_c496942 _d496942 |
||